000 00699nam a2200289Ia 4500
005 20260324142851.0
008 008 260324s9999 xx 000 0 eng d
020 _a9781315821818
037 _aEBOOK
040 _aCRL
040 _beng
040 _cCRL
041 _2eng
041 _aeng
084 _qCRL
100 _aEdmond J Coleman; Margretta Dwyer
_91206930
245 0 _aSex Offender Treatment
245 0 _bPsychological and Medical Approaches
260 _bTaylor and Francis
260 _c1993
365 _a
365 _b93.99
856 _uhttp://www.taylorfrancis.com/books/9781315821818
942 _cEBOOK
999 _c1818241
_d1818241